000 00867nas a2200253 4500
001 BR2012009497
003 BR-BrBNA
005 20231205121630.0
007 ta
008 230509b bl.|||p| |||| 00| 00por d
040 _aBR-BrBNA
_bpor
_cBiblioteca Nacional de Agricultura
041 _a(En)
072 _aL70
100 1 _aIspir, U.
245 1 _aProphylactic effect of levamisole on rainbow trout (Oncorhynchus mykiss)against Yersinia ruckeri
246 1 _aProphylactic effect of levamisole on rainbow trout (Oncorhynchus mykiss)against Yersinia ruckeri
650 _aTRUTA ARCO-ÍRIS
650 _aPROFILAXIA
650 _aMEDICAMENTO
650 _aBACTÉRIA
773 0 _tPesquisa Veterinária Brasileira (Brazil)
_xISSN 0100-736X
_g(Sep 2009), v. 29(9) p. 700-702
_wBR2012009497
909 _a202311
_bLúcia
_c55
_dLúcia Elande
942 _2AGRIS
_n0
_cANA
999 _c224478
_d224478